Statistics for HSC Modern History | Germany 1918-1939

Click here to take the quiz!

General Stats

  • This quiz has been taken 45 times
  • The average score is 7 of 18

Answer Stats

Hint Answer % Correct
Becomes Chancellor in January 1933Adolf Hitler
86%
Document that was enforced on Germany after WW1Treaty of Versailles
70%
President at timePaul von Hindenburg
62%
A fire erupted in this building in February 1933Reichstag
62%
Name of New German CountryWeimar Republic
59%
Secret PoliceGestapo
54%
Economical disaster of 1922Hyperinflation
49%
Economical disaster of 1929Great Depression
46%
Night were Political threats to Hitler were murderedNight of Long Knives
46%
Attempted by Hitler in 1923Beerhall Putsch
38%
Constitutional Amendment that that gave Presidential decreeArticle 48
38%
Left Wing UprisingSpartakists
32%
Policy of creating a greater Living area for the German peopleLebensraum
32%
Policy that allowed Hitler dictorial power, passed legally by MP'sEnabling Act
22%
1920 attempted Power takeoverKapp Putsch
19%
Process of Coordinating the Nazi stateGleichschaltung
11%
The People's CommunityVolksgemeinschaft
5%
370 of these were commited between 1919-1922Political Assasinations
3%

Score Distribution

Percentile by Number Answered

Percent of People with Each Score

Your Score History

You have not taken this quiz